000 00270nam a2200097Ia 4500
001 647602
005 20250826153705.0
008 250824s9999 xx 000 0 und d
245 0 _aBİR DELİNİN HATIRA DEFTERİ ANTİK YENİ
_cGOGOL
260 _bANTİK DÜNYA KLASİKLERİ
999 _c647602
_d647602